000 00278nam a22001217a 4500
008 181101b xxu||||| |||| 00| 0 eng d
041 _aeng
080 _a540
100 _a12
101 _aKIM
245 _aFundamentals of Physical Chemistry
_cCrockford,H.D
942 _2udc
_cBK
999 _c51498
_d51498